| 000 | 00645nam a2200181Ia 4500 | ||
|---|---|---|---|
| 008 | 090124s9999 xx 000 0 und d | ||
| 082 | _b17060 | ||
| 100 | _a"देशपांडे, शं. ह." | ||
| 245 | _a वृत्तविद्येचे अंतरंग | ||
| 250 | _a0 | ||
| 260 |
_bअंजु प्रकाशन _c1970 |
||
| 300 | _a128 | ||
| 600 | _a"देशपांडे, शं. ह." | ||
| 630 | _a वृत्तविद्येचे अंतरंग | ||
| 700 | _a"देशपांडे, शं. ह." | ||
| 730 | _a वृत्तविद्येचे अंतरंग | ||
| 942 | _cBOOK | ||
| 999 |
_c89002 _d89002 |
||